| 000 | 00757nam a2200265 a 4500 | ||
|---|---|---|---|
| 003 | AR-BaBNM | ||
| 005 | 20251128204554.0 | ||
| 008 | 082120s2002 ||||||||||||||000 | spa|| | ||
| 020 | _a950-843-095-8 | ||
| 040 | _cAR-BaBNM | ||
| 100 | 1 | _aCarbone, Alberto I. | |
| 245 | 0 | 0 |
_aEl día que bombardearon Plaza de Mayo _b16 de junio de 1955 |
| 260 |
_aBuenos Aires _bVinciguerra _c1994 |
||
| 300 |
_a111 p. _bil.,láms., mapas |
||
| 500 | _aFuentes consultadas p. 107-108 | ||
| 500 | _aAnexo p. 99-105 | ||
| 600 | 0 | 4 |
_aLonardi _d1955 |
| 650 | 4 | _aREVOLUCION DE SETIEMBRE DE 1955 | |
| 650 | 4 | _aQUEMA DE IGLESIAS | |
| 650 | 4 | _aREVOLUCION DE JUNIO DE 1955 | |
| 650 | 4 | _aHISTORIA POLITICA | |
| 650 | 4 | _aHISTORIA SOCIAL | |
| 942 | _cBK | ||
| 998 | _cmariana | ||
| 999 |
_c7971 _d7971 |
||